000 00461nam a2200157Ia 4500
008 240729s9999 xx 000 0 und d
022 _a1916-257X
245 0 _aInternational Journal of Therapeutic Massage & Bodywork
260 _aUnited States
260 _bMassage Therapy Foundation
650 _a Therapeutics. Pharmacology
650 _aMedicine
856 _uhttps://doaj.org/toc/f03f868182034bb39354b8cde20d0d7f
942 _2ddc
942 _cDOAJEJ
999 _c65773
_d65773
945 _a1
_bMadushi Gamage
_c1
_dMadushi Gamage